Sports Quiz

Random Sports or Basketball Quiz

Athletes' New Jobs Quiz Stats

 Plays Quiz Updated Apr 24, 2019

Score 0/20 Timer 05:00
6 Plays Today
% Correct
Usain Bolt
90.9%
Steve Austin
90%
J.J. Watt
88.9%
Warren Moon
87.6%
Simone Biles
87.1%
Lionel Messi
86.3%
Stephen Curry
85.9%
Michelle Wie
85.7%
David Cone
85.5%
Kyle Busch
85.1%
% Correct
Vijay Singh
85%
Steffi Graf
84.2%
Floyd Mayweather
83.8%
Larry Holmes
82.4%
Mia Hamm
82.2%
Patrick Ewing
81.7%
Bobby Orr
80.6%
Mickey Mantle
79.9%
Björn Borg
78.7%
Bobby Hull
74.9%

You're not logged in!

Compare scores with friends on all Sporcle quizzes.
OR
Log In

Sporcle TV

Today on Sporcle TV


Watch our educational content, quiz creation guides, and fun videos on Sporcle TV.

Show Comments

Extras

Top Quizzes Today


Score Distribution

Your Account Isn't Verified!

In order to create a playlist on Sporcle, you need to verify the email address you used during registration. Go to your Sporcle Settings to finish the process.

Report this User

Report this user for behavior that violates our Community Guidelines.

Details: